000
00304nam a22001337a 4500
008
171208b xxu||||| |||| 00| 0 eng d
020
_a
0830692797
041
_a
eng
080
_2
3RD
_a
004
100
_a
28
101
_a
SHKI
245
_a
COMPUTER TECHNICIAN'S HANDBOOK
_c
MARGOLIS, A
942
_2
udc
_c
BK
999
_c
38844
_d
38844